Music Quiz

Random Music Quiz

Subgenres of Metal Quiz Stats

 Plays Quiz not verified by Sporcle

Also try: Multiple Bands
Challenge
Share
Tweet
Embed
Score 0/28 Timer 06:00
0 Plays Today
% Correct
Death Metal
96.7%
Black Metal
92.1%
Thrash Metal
90.7%
Traditional Heavy Metal
82.7%
Nu Metal
77.6%
Power Metal
76.2%
Doom Metal
73.4%
Glam Metal
73.4%
Rap Metal
71%
Metalcore
70.6%
Industrial Metal
69.2%
Grindcore
67.8%
Progressive Metal
66.4%
Symphonic Metal
64%
% Correct
Groove Metal
63.1%
Sludge Metal
60.7%
Speed Metal
59.8%
Folk Metal
58.4%
Stoner Metal
58.4%
Gothic Metal
57.9%
Viking Metal
56.1%
Alternative Metal
54.7%
Christian Metal
49.5%
Funk Metal
44.9%
Extreme Metal
33.6%
Avant-garde Metal
26.2%
Neo-Classical Metal
22%
Crust Punk
16.4%

You're not logged in!

Compare scores with friends on all Sporcle quizzes.
OR
Log In

You Might Also Like...

Show Comments

Extras

Created Apr 3, 2010ReportNominate
Tags:metal, subtense

Top Quizzes Today


Score Distribution

Your Account Isn't Verified!

In order to create a playlist on Sporcle, you need to verify the email address you used during registration. Go to your Sporcle Settings to finish the process.

Report this User

Report this user for behavior that violates our Community Guidelines.

Details: